Možnosti využití metody Monte Carlo při tvorbě stochastických ekonomických modelů

Otázky využitia exaktných metód v ekonómii a manažérskom rozhodovaní. História vzniku a využívanie metódy Monte Carlo. Generátory pseudonáhodných čísel. Spôsob modelovania rôznych stochastických rozdelení a použitie počítačových nástrojov k simulácii vytvorených modelov a analýza výsledkov. Použiti...

Descripción completa

Guardado en:
Detalles Bibliográficos
Autor principal: Arencibia, Orlando
Otros Autores: Friedrich, Václav
Formato: Capítulo de libro
Lenguaje:checo
Materias:
Etiquetas: Agregar Etiqueta
Sin Etiquetas, Sea el primero en etiquetar este registro!

MARC

LEADER 00000naa$a2200000$$$4500
001 0026853
005 20231107101756.1
041 0 |a cze 
044 |a CZ 
245 1 0 |a Možnosti využití metody Monte Carlo při tvorbě stochastických ekonomických modelů  |c Orlando Arencibia, Václav Friedrich 
520 |a Otázky využitia exaktných metód v ekonómii a manažérskom rozhodovaní. História vzniku a využívanie metódy Monte Carlo. Generátory pseudonáhodných čísel. Spôsob modelovania rôznych stochastických rozdelení a použitie počítačových nástrojov k simulácii vytvorených modelov a analýza výsledkov. Použitie metódy Monte Carlo v ekonomickej praxi. 
610 2 0 |a modely analytické ekonometrické 
610 2 0 |a metóda Monte Carlo 
610 2 0 |a rozhodovanie manažérske 
610 2 0 |a etika manažérska 
610 2 0 |a kultúra podniková 
610 2 0 |a analýzy 
610 2 0 |a modely stochastické 
100 1 |a Arencibia, Orlando 
700 1 |a Friedrich, Václav